[Event "21st ch-EUR Indiv w 2021"]
[Site "Iasi ROU"]
[Date "2021.08.16"]
[Round "7.31"]
[White "Hapala, Elisabeth"]
[Black "Sliwicka, Alicja"]
[Result "0-1"]
[WhiteTitle "WFM"]
[BlackTitle "WIM"]
[WhiteElo "2160"]
[BlackElo "2306"]
[WhiteFideId "1622080"]
[BlackFideId "1150677"]
[EventDate "2021.08.09"]

1. e4 e5 2. Nf3 Nc6 3. Bb5 a6 4. Ba4 Bc5 5. c3 Nge7 6. d4 exd4 7. cxd4 Bb4+ 8.
Bd2 Bxd2+ 9. Nbxd2 d5 10. e5 Bg4 11. h3 Bh5 12. Qc1 O-O 13. O-O f6 14. Qc3 fxe5
15. Nxe5 Nxe5 16. dxe5 Ng6 17. Kh2 Qg5 18. Bb3 Kh8 19. Bxd5 Rad8 20. Ne4 Qf4+
21. g3 Qf5 22. Bxb7 Bf3 23. Nc5 Bxb7 24. Nxb7 Rd3 25. Qc5 Nf4 26. Qxf8+ Qxf8 27.
gxf4 Qxf4+ 28. Kg1 Rxh3 29. Rfd1 Qg4+ 0-1

[Event "21st ch-EUR Indiv w 2021"]
[Site "Iasi ROU"]
[Date "2021.08.16"]
[Round "7.32"]
[White "Heinemann, Josefine"]
[Black "Mkrtchyan, Mariam"]
[Result "1/2-1/2"]
[WhiteTitle "WGM"]
[BlackTitle "WFM"]
[WhiteElo "2296"]
[BlackElo "2093"]
[WhiteFideId "12900460"]
[BlackFideId "13310828"]
[EventDate "2021.08.09"]

1. e4 c6 2. Nf3 d5 3. d3 g6 4. e5 Bg4 5. d4 e6 6. Be2 c5 7. c3 Nc6 8. O-O Bxf3
9. Bxf3 cxd4 10. cxd4 Qb6 11. Be3 Qxb2 12. Nd2 Qa3 13. Rb1 Bb4 14. Rb3 Qxa2 15.
Nc4 O-O-O 16. Nb2 Nge7 17. Nd3 a5 18. Be2 Nf5 19. Rb2 Qa3 20. Rb3 Qa2 21. Rb2
Qa3 22. Rb3 Qa2 23. Rb2 1/2-1/2

[Event "21st ch-EUR Indiv w 2021"]
[Site "Iasi ROU"]
[Date "2021.08.16"]
[Round "7.33"]
[White "Cosman, Andreea-Marioara"]
[Black "Agrest, Inna"]
[Result "0-1"]
[WhiteTitle "WFM"]
[BlackTitle "WIM"]
[WhiteElo "2143"]
[BlackElo "2281"]
[WhiteFideId "1217968"]
[BlackFideId "1708830"]
[EventDate "2021.08.09"]

1. d4 Nf6 2. c4 g6 3. Nc3 Bg7 4. e4 d6 5. f3 O-O 6. Be3 a6 7. Qd2 Nbd7 8. Nh3 c5
9. d5 b5 10. cxb5 Qa5 11. Nf2 Nb6 12. Be2 axb5 13. Nxb5 Bd7 14. Nc3 Rfb8 15. O-O
Ne8 16. Bg5 e6 17. dxe6 Bxe6 18. Nfd1 Qb4 19. f4 Rxa2 20. Rxa2 Bxa2 21. f5 Qd4+
22. Nf2 Qxd2 23. Bxd2 Bc4 24. Nd3 Bd4+ 25. Kh1 Kg7 26. Bf4 Ra8 27. Bd2 Nf6 28.
Re1 Bxd3 29. Bxd3 Ng4 30. f6+ Kxf6 31. Nd1 Ra1 32. Rf1+ Nf2+ 33. Nxf2 Rxf1+ 34.
Bxf1 Bxf2 35. Bf4 Ke6 36. g4 f6 37. Kg2 Bd4 38. b3 Be5 39. Bd2 Bd4 40. Kf3 g5
41. Be1 Nd7 42. h3 Ne5+ 43. Kg2 Ng6 44. Kf3 Ne5+ 45. Kg2 Bb2 46. Bg3 Nc6 47.
Bc4+ Ke7 48. Bf2 Bc3 49. Kf1 Ne5 50. Bg8 h6 51. Ke2 Kd7 52. Bg3 Ng6 53. Bf7 Ne7
54. Kd3 Be5 55. Bf2 Bh2 56. Be1 Nc6 57. Ke2 Nd4+ 58. Kf1 Nc2 59. Ke2 Be5 60. Bf2
Nb4 61. Be1 Nc6 62. Bf2 Bc3 63. Bd5 Ne5 64. Bg3 Ng6 65. Bf7 Ne7 66. Bf2 Nc6 67.
Bd5 Nd8 68. Kd3 Bb4 69. Ke2 Ne6 70. Be3 Ke7 71. Kf3 Bc3 72. Ke2 Nf8 73. Kd3 Bb4
74. Bf2 Ng6 75. Bg3 Ba3 76. Kc2 Bb4 77. Kd3 Ba5 78. Kc2 Nf8 79. Bf2 Ne6 80. Be3
Be1 81. Kd3 Nf8 82. Ke2 Bg3 83. Kf3 Be5 84. Bd2 Ng6 85. Be3 Bf4 86. Bf2 Bd2 87.
Bg3 Bc3 88. Bf2 Nf4 89. Be3 Ne6 90. Kg2 Be1 91. Kf3 Ng7 92. Ke2 Bh4 93. Kf3 Be1
94. Ke2 Bc3 95. Kf3 Be5 96. Ke2 h5 97. Kf3 h4 98. Ke2 Ne6 99. Kf3 Nf8 100. Kg2
Ng6 101. Bd2 Bf4 102. Bc3 Bc1 103. Bb7 Nf4+ 104. Kh2 Ne2 105. Ba1 Bf4+ 106. Kg2
Bg3 107. Kf3 Nf4 108. Bc3 Nxh3 109. Bd2 Ng1+ 110. Kg2 Ne2 111. Ba6 Nd4 112. Bc4
Nc6 113. Bc3 Be5 114. Bd5 Nd8 115. Bd2 Ne6 116. Be3 Nf8 117. Kh3 Ng6 118. Kg2
Bf4 119. Bf2 Bd2 120. Kh2 Ne5 121. Kh3 Nd3 0-1

[Event "21st ch-EUR Indiv w 2021"]
[Site "Iasi ROU"]
[Date "2021.08.16"]
[Round "7.34"]
[White "Ilyuchyk, Yana"]
[Black "Mamedjarova, Zeinab"]
[Result "1/2-1/2"]
[WhiteTitle "WFM"]
[BlackTitle "WGM"]
[WhiteElo "2097"]
[BlackElo "2272"]
[WhiteFideId "13508407"]
[BlackFideId "13401521"]
[EventDate "2021.08.09"]

1. e4 Nf6 2. e5 Nd5 3. d4 d6 4. Nf3 dxe5 5. Nxe5 g6 6. Bc4 Bg7 7. Nxf7 Kxf7 8.
Qf3+ Ke8 9. Bxd5 Rf8 10. Qb3 c6 11. Bf3 Qxd4 12. O-O Nd7 13. Rd1 Qh4 14. Qe3 Ne5
15. Be2 Ng4 16. Bxg4 Bxg4 17. f3 Bf5 18. c3 Kf7 19. Qf4 Rad8 20. Rf1 Qxf4 21.
Bxf4 Rd5 22. Nd2 Rb5 23. Nb3 a5 24. Rf2 Rd8 25. Bc7 Rd7 26. Bxa5 Be6 27. Bb4 b6
28. Nd2 Rxb4 29. cxb4 Bxb2 30. Rb1 Bd4 31. Nb3 Bxf2+ 32. Kxf2 Bxb3 33. axb3 Rd4
34. Rc1 Rxb4 35. Rxc6 Rxb3 36. g4 b5 37. h4 Rb1 38. Rc5 b4 39. h5 b3 40. hxg6+
hxg6 41. Rb5 b2 42. Kg2 g5 43. Rb6 Ke8 44. Rb7 Kd8 45. Rb3 Kd7 46. Rb7+ Kc6 47.
Rb8 Kc5 48. Rc8+ Kd4 49. Rb8 e5 50. Rd8+ Ke3 51. Rb8 Rd1 52. Rxb2 Rd2+ 53. Rxd2
Kxd2 54. Kh2 Kc2 55. Kg2 Kc1 56. Kg1 Kd2 57. Kh2 Kc2 58. Kg2 Kd2 59. Kh2 1/2-1/2

[Event "21st ch-EUR Indiv w 2021"]
[Site "Iasi ROU"]
[Date "2021.08.16"]
[Round "7.35"]
[White "Babayeva, Nasrin"]
[Black "Sandu, Mihaela"]
[Result "0-1"]
[BlackTitle "WGM"]
[WhiteElo "1889"]
[BlackElo "2263"]
[WhiteFideId "13416626"]
[BlackFideId "1204327"]
[EventDate "2021.08.09"]

1. c4 g6 2. g3 Bg7 3. Bg2 d6 4. d3 e5 5. e4 Nc6 6. Ne2 Nge7 7. Nbc3 O-O 8. O-O
Nd4 9. Nxd4 exd4 10. Ne2 c6 11. a3 a5 12. Rb1 f5 13. b4 axb4 14. axb4 fxe4 15.
dxe4 c5 16. Bg5 Qc7 17. Nf4 cxb4 18. Bxe7 Qxe7 19. Nd5 Qd8 20. Rxb4 Ra5 21. Qb3
Kh8 22. Rb5 Rxb5 23. Qxb5 Qg5 24. f4 Qh5 25. Bf3 Qh3 26. Qb6 Qd7 27. Qb4 Qd8 28.
Ra1 Bh3 29. Qxb7 d3 30. Rd1 Qa5 31. Qb5 Bd4+ 32. Kh1 Qa2 33. Qb1 Qxb1 34. Rxb1
Ra8 35. g4 Ra2 36. Rb8+ Kg7 37. Rb7+ Kf8 38. Rb8+ Kf7 39. Rb7+ Ke8 40. Rb8+ Kd7
41. Rb7+ Kc8 42. Rb1 Rf2 43. Ne7+ Kd7 44. Nd5 Rxf3 0-1

[Event "21st ch-EUR Indiv w 2021"]
[Site "Iasi ROU"]
[Date "2021.08.16"]
[Round "7.36"]
[White "Muetsch, Annmarie"]
[Black "Zeliantsova, Kseniya"]
[Result "0-1"]
[WhiteTitle "WIM"]
[BlackTitle "WFM"]
[WhiteElo "2259"]
[BlackElo "1970"]
[WhiteFideId "12971367"]
[BlackFideId "13512617"]
[EventDate "2021.08.09"]

1. Nc3 d5 2. e4 d4 3. Nce2 e5 4. d3 c5 5. f4 Nc6 6. Nf3 Bd6 7. f5 Nf6 8. h3 h5
9. Bg5 Be7 10. Ng3 Qb6 11. Nd2 h4 12. Ne2 Qxb2 13. Nc4 Qb4+ 14. Bd2 Qa4 15. Nb2
Qa6 16. a4 b6 17. Nc4 Qb7 18. g4 hxg3 19. Nxg3 Qc7 20. Be2 Ba6 21. Na3 O-O-O 22.
Qb1 Nb4 23. Qb3 Kb8 24. Kd1 Rd7 25. Nc4 Ne8 26. f6 Bxf6 27. Bg4 Rd8 28. Rf1 Bxc4
29. dxc4 Nd6 30. Be1 d3 31. cxd3 Nxd3 32. Kc2 Nxe1+ 33. Raxe1 Bh4 34. Rf3 g6 35.
Re2 f5 36. exf5 Bxg3 37. Rxg3 gxf5 0-1

[Event "21st ch-EUR Indiv w 2021"]
[Site "Iasi ROU"]
[Date "2021.08.16"]
[Round "7.37"]
[White "Efroimski, Marsel"]
[Black "Katkov, Michelle"]
[Result "1/2-1/2"]
[WhiteTitle "IM"]
[BlackTitle "WFM"]
[WhiteElo "2446"]
[BlackElo "2173"]
[WhiteFideId "2810964"]
[BlackFideId "2816393"]
[EventDate "2021.08.09"]

1. e4 e5 2. Nf3 Nc6 3. Bb5 a6 4. Ba4 Nf6 5. O-O Nxe4 6. d4 b5 7. Bb3 d5 8. dxe5
Be6 9. Nbd2 Bc5 10. Qe2 Nxd2 11. Bxd2 O-O 12. c3 Bg4 13. Rae1 Re8 14. Bf4 Ne7
15. h3 Be6 16. Ng5 Ng6 17. Nxe6 Rxe6 18. Bg3 c6 19. Kh2 Nxe5 20. Qh5 Ng6 21. Rd1
Bd6 22. Rd3 Bxg3+ 23. Rxg3 Qd6 24. Bc2 Rae8 25. f4 Re1 26. Rf2 Qc5 27. Rgf3 R8e2
28. Bxg6 hxg6 29. Qh4 Rxf2 30. Rxf2 Re8 31. Qg3 Qe3 32. Rf3 Qe4 33. Qf2 Qe7 34.
Qb6 c5 35. Qxa6 Qd7 36. Qb6 Rc8 37. b3 d4 38. cxd4 cxd4 39. Rd3 Rd8 40. Qc5 Qf5
41. Qxf5 gxf5 42. Kg3 Kf8 43. Kf3 Ke7 44. Rd2 Ke6 45. Re2+ Kd5 46. Re5+ Kc6 47.
Ke2 Ra8 48. Rxf5 Rxa2+ 49. Kd3 Rxg2 50. Rxf7 Kd5 51. Rf5+ Ke6 52. Re5+ Kf6 53.
Rxb5 Rg3+ 54. Kxd4 Rxh3 55. b4 Rf3 56. Ke4 Rb3 57. Kd5 Rb1 58. Kc6 Rf1 59. f5
Rb1 60. Kb6 Rb2 61. Kc6 Rb1 62. Kd6 Rb2 63. Rb8 Kxf5 64. b5 g5 65. b6 Kg4 66.
Kc6 Kg3 67. Rg8 g4 68. Rg5 Kh4 69. Rb5 Rxb5 70. Kxb5 g3 71. b7 g2 72. b8=Q g1=Q
73. Qh8+ Kg3 74. Qg7+ Kf2 75. Qxg1+ Kxg1 1/2-1/2

[Event "21st ch-EUR Indiv w 2021"]
[Site "Iasi ROU"]
[Date "2021.08.16"]
[Round "7.38"]
[White "Novosadova, Kristyna"]
[Black "Chernyak, Viktoria"]
[Result "0-1"]
[WhiteTitle "WIM"]
[BlackTitle "WGM"]
[WhiteElo "2138"]
[BlackElo "2319"]
[WhiteFideId "328065"]
[BlackFideId "24165956"]
[EventDate "2021.08.09"]

1. e4 c6 2. Nc3 d5 3. Nf3 Nf6 4. Qe2 e6 5. e5 Nfd7 6. d3 c5 7. Bg5 Qb6 8. O-O-O
Nc6 9. Re1 Nd4 10. Qd1 Nb8 11. g3 Nbc6 12. a3 h6 13. Bd2 Bd7 14. Bh3 O-O-O 15.
Nh4 Qa6 16. Nb1 Be7 17. c3 Nb5 18. Bf1 Nc7 19. b3 b5 20. Qc2 Kb8 21. Nf3 Qb6 22.
Re2 Bc8 23. Kb2 Bb7 24. Bg2 d4 25. c4 bxc4 26. Qxc4 Ba6 27. Qc2 c4 28. Ne1 c3+
29. Nxc3 dxc3+ 30. Qxc3 Nd4 31. Re4 Ncb5 32. Qa5 Bxa3+ 33. Ka2 Bc5 34. Qxb6+
Bxb6 35. Rg4 g6 36. Rf4 Rd7 37. h4 Bc7 38. Nf3 Nxf3 39. Bxf3 Nd4 40. Be3 Nxf3 0-1

[Event "21st ch-EUR Indiv w 2021"]
[Site "Iasi ROU"]
[Date "2021.08.16"]
[Round "7.39"]
[White "Petrova, Irina"]
[Black "Mamedjarova, Turkan"]
[Result "1/2-1/2"]
[WhiteTitle "WIM"]
[BlackTitle "WGM"]
[WhiteElo "2110"]
[BlackElo "2309"]
[WhiteFideId "14124122"]
[BlackFideId "13402005"]
[EventDate "2021.08.09"]

1. e4 e5 2. Nf3 Nc6 3. Bb5 a6 4. Ba4 Nf6 5. d3 b5 6. Bb3 Bc5 7. Nc3 h6 8. Nd5
O-O 9. c3 d6 10. Nxf6+ Qxf6 11. Bd5 Bd7 12. Rg1 h5 13. h3 Rae8 14. g4 hxg4 15.
hxg4 Ne7 16. Bb3 d5 17. g5 Qd6 18. Qe2 dxe4 19. dxe4 Ng6 20. Be3 Be6 21. Nd2
Bxb3 22. axb3 Rd8 23. Rh1 Rfe8 24. b4 Bxe3 25. fxe3 Qe6 26. Nf1 f5 27. gxf6 Qxf6
28. Nd2 Rd6 29. O-O-O Qf7 30. Qh5 Red8 31. Rh2 Rf6 32. Rg2 Qe6 33. Rdg1 Rd6 34.
Nf3 Qf7 35. Rg3 Kf8 36. Qh3 Qc4 37. Ng5 Rf2 38. Rf3+ Rxf3 39. Qxf3+ Ke7 40. Nh7
Qf7 41. Qf5 Qa2 42. Rf1 Qa1+ 43. Kc2 Qa4+ 44. Kc1 Qa1+ 1/2-1/2

[Event "21st ch-EUR Indiv w 2021"]
[Site "Iasi ROU"]
[Date "2021.08.16"]
[Round "7.40"]
[White "Pavlidou, Ekaterini"]
[Black "Lehaci, Miruna-Daria"]
[Result "1-0"]
[WhiteTitle "WIM"]
[BlackTitle "WFM"]
[WhiteElo "2136"]
[BlackElo "2267"]
[WhiteFideId "4213262"]
[BlackFideId "1234765"]
[EventDate "2021.08.09"]

1. d4 Nf6 2. c4 e6 3. Nc3 Bb4 4. e3 O-O 5. Bd3 d5 6. Nf3 c5 7. O-O cxd4 8. exd4
dxc4 9. Bxc4 b6 10. Bg5 Bb7 11. Ne5 Be7 12. Qe2 Nd5 13. f4 Bf6 14. Rad1 a5 15.
Ne4 Be7 16. Bxe7 Qxe7 17. Ng5 Ba6 18. Qc2 g6 19. Bxd5 exd5 20. Rfe1 Qf6 21. Qb3
Qxf4 22. Nexf7 Bc4 23. Qh3 h5 24. Re7 Rxf7 25. Rxf7 Qxg5 26. Qe6 Nd7 27. Rf5+ 1-0

[Event "21st ch-EUR Indiv w 2021"]
[Site "Iasi ROU"]
[Date "2021.08.16"]
[Round "7.41"]
[White "Abdulla, Khayala"]
[Black "Narva, Triin"]
[Result "0-1"]
[WhiteTitle "WGM"]
[BlackTitle "WFM"]
[WhiteElo "2264"]
[BlackElo "2100"]
[WhiteFideId "13401807"]
[BlackFideId "4502680"]
[EventDate "2021.08.09"]

1. b3 d5 2. Bb2 c5 3. g3 Nc6 4. Nf3 Bf5 5. Bg2 Nf6 6. O-O Rc8 7. d3 Qd7 8. Re1
Bh3 9. Bh1 g6 10. Nbd2 Bh6 11. e4 d4 12. a3 O-O 13. Nc4 Ng4 14. Bc1 Bxc1 15.
Qxc1 b5 16. Ncd2 f6 17. Nh4 g5 18. Nhf3 h5 19. Bg2 Nge5 20. Nxe5 Nxe5 21. Nf3
Bxg2 22. Kxg2 Nxf3 23. Kxf3 Qh3 24. a4 c4 25. bxc4 bxc4 26. Ra3 Rc5 27. dxc4
Rxc4 28. Qd2 Rfc8 29. Ra2 Rc3+ 30. Ke2 Qe6 31. Rb2 Qc4+ 32. Kd1 Qxa4 33. e5 d3
34. exf6 dxc2+ 35. Rxc2 Qxc2+ 0-1

[Event "21st ch-EUR Indiv w 2021"]
[Site "Iasi ROU"]
[Date "2021.08.16"]
[Round "7.42"]
[White "Koubova, Anna Marie"]
[Black "Ghukasyan, Siranush"]
[Result "1/2-1/2"]
[BlackTitle "WIM"]
[WhiteElo "2073"]
[BlackElo "2194"]
[WhiteFideId "381470"]
[BlackFideId "13300946"]
[EventDate "2021.08.09"]

1. d4 d5 2. c4 c6 3. cxd5 cxd5 4. Nc3 Nf6 5. Bg5 Ne4 6. Nxe4 dxe4 7. a3 g6 8.
Bh4 Bg7 9. e3 O-O 10. Ne2 Be6 11. Nf4 Bd7 12. Nd5 Qa5+ 13. Nc3 e5 14. d5 f5 15.
Qb3 Na6 16. Be7 Rfc8 17. Qxb7 Rxc3 18. b4 Qb6 19. Bxa6 Qxb7 20. Bxb7 Rb8 21. Ba6
Rc2 22. O-O Rb6 23. b5 Bxb5 24. Bxb5 Rxb5 25. d6 Bf8 26. Bxf8 Kxf8 27. Rac1 Rxc1
28. Rxc1 Rd5 29. Rc8+ Kf7 30. g3 Ke6 31. Rc7 a6 32. Rxh7 Rxd6 33. Ra7 Kd5 34. h4
Rf6 35. Kg2 Kc4 36. Rb7 Kc5 37. Re7 Kd6 38. Ra7 Kd5 39. Kh3 Kc4 40. Rb7 Kc5 41.
Re7 Kd5 1/2-1/2

[Event "21st ch-EUR Indiv w 2021"]
[Site "Iasi ROU"]
[Date "2021.08.16"]
[Round "7.43"]
[White "Levitan, Ronit"]
[Black "Makropoulou, Marina"]
[Result "0-1"]
[WhiteTitle "WCM"]
[BlackTitle "WGM"]
[WhiteElo "2012"]
[BlackElo "2186"]
[WhiteFideId "2815109"]
[BlackFideId "4200187"]
[EventDate "2021.08.09"]

1. e4 c5 2. c3 Nf6 3. e5 Nd5 4. d4 cxd4 5. cxd4 d6 6. Nf3 Nc6 7. Bc4 Nb6 8. Bb5
dxe5 9. Nxe5 Bd7 10. Nxd7 Qxd7 11. Nc3 e6 12. O-O Rd8 13. Be3 a6 14. Bxc6 Qxc6
15. Qg4 h5 16. Qh3 Be7 17. Rac1 g5 18. Rfd1 Nd5 19. Ne4 Qb5 20. Qg3 f6 21. Nc5
Kf7 22. Qf3 g4 23. Qe4 Qb6 24. Re1 f5 25. Qc2 Bxc5 26. dxc5 Qc6 27. Bd4 Nf4 28.
f3 Rxd4 0-1

[Event "21st ch-EUR Indiv w 2021"]
[Site "Iasi ROU"]
[Date "2021.08.16"]
[Round "7.44"]
[White "Gvanceladze, Anna"]
[Black "Tsirulnik, Maritsa"]
[Result "1-0"]
[WhiteTitle "WFM"]
[WhiteElo "2182"]
[BlackElo "2046"]
[WhiteFideId "4113721"]
[BlackFideId "14118688"]
[EventDate "2021.08.09"]

1. d4 Nf6 2. Nf3 d5 3. c4 e6 4. Nc3 c5 5. cxd5 Nxd5 6. e3 cxd4 7. exd4 Bb4 8.
Qc2 Nc6 9. Bc4 O-O 10. O-O h6 11. Rd1 Na5 12. Bd3 Bd6 13. Qe2 Nc6 14. Qe4 f5 15.
Qe2 Qf6 16. Bc4 Nb6 17. Bb3 Kh7 18. Nb5 Bb8 19. Be3 Bd7 20. Rac1 Re8 21. Qd2 a6
22. Nc3 Na5 23. Ne5 Bc6 24. Nxc6 Nxc6 25. d5 Nxd5 26. Nxd5 exd5 27. Qxd5 Be5 28.
Qf3 Rad8 29. Bd5 Bxb2 30. Rb1 Bd4 31. Bxc6 bxc6 32. Bxd4 Rxd4 33. Rxd4 Qxd4 34.
Qxf5+ Kg8 35. Qc2 Qe4 36. Qb3+ Qd5 37. Kf1 Qxb3 38. Rxb3 Re5 39. Ra3 a5 40. f4
Rc5 41. Ke2 Kf7 42. g4 Rc2+ 43. Ke3 Rxh2 44. Rxa5 Rg2 45. Kf3 Rc2 46. a4 Rc4 47.
Ra8 Rc3+ 48. Ke4 Rg3 49. Kf5 g6+ 50. Ke5 Rxg4 51. a5 Rg1 52. Ra7+ Ke8 53. a6 Ra1
54. Ke6 Kd8 55. Kd6 Kc8 56. Ra8# 1-0

[Event "21st ch-EUR Indiv w 2021"]
[Site "Iasi ROU"]
[Date "2021.08.16"]
[Round "7.45"]
[White "Charochkina, Daria"]
[Black "Petrenko, Svetlana"]
[Result "1-0"]
[WhiteTitle "IM"]
[BlackTitle "IM"]
[WhiteElo "2340"]
[BlackElo "2018"]
[WhiteFideId "4180917"]
[BlackFideId "13900196"]
[EventDate "2021.08.09"]

1. Nf3 d5 2. g3 g6 3. Bg2 Bg7 4. d4 Nf6 5. O-O O-O 6. Be3 Ng4 7. Bf4 f5 8. h3
Nf6 9. Qc1 Ne4 10. Rd1 c6 11. c4 Be6 12. Nbd2 Nxd2 13. Ng5 Bf7 14. Qxd2 e6 15.
Qe3 Re8 16. g4 Nd7 17. gxf5 gxf5 18. cxd5 exd5 19. Nxf7 Kxf7 20. Qd3 Qf6 21. Kh1
Kg8 22. Bf3 Kh8 23. Rg1 Rf8 24. Rg3 Qxd4 25. Bh6 Be5 26. Qxd4 Bxd4 27. Bxf8 Rxf8
28. Rg2 Ne5 29. Rb1 a5 30. b3 b5 31. Rd1 Nxf3 32. Rg3 Nd2 33. Rxd2 Bxf2 34. Rf3
Bb6 35. Rc2 Rf6 36. Rfc3 c5 37. Rd3 d4 38. a4 bxa4 39. bxa4 f4 40. Kg2 Rc6 41.
Rc4 Rh6 42. Rf3 Rf6 43. Rb3 Rg6+ 44. Kf2 Kg7 45. Rb5 Re6 46. Kf3 Kf6 47. Rc2 Rc6
48. Kxf4 c4 49. Ke4 Re6+ 50. Kd5 c3 51. Kc4 Rc6+ 52. Kd5 Re6 53. Rc1 Re5+ 54.
Kc4 Re6 55. h4 h6 56. Rcb1 Bd8 57. Kxd4 Rxe2 58. Kxc3 Re4 59. Rd1 Be7 60. Rd4
Bb4+ 61. Kc4 Re1 62. Rf4+ Ke6 63. Rh5 Ke7 64. Kb5 Re6 65. Rc4 Bd2 66. Rc2 Bb4
67. Rc7+ Kd8 68. Rh7 Be1 69. R5xh6 Re4 70. Rg6 1-0

[Event "21st ch-EUR Indiv w 2021"]
[Site "Iasi ROU"]
[Date "2021.08.16"]
[Round "7.46"]
[White "Mikheeva, Galina"]
[Black "Froewis, Annika"]
[Result "1-0"]
[WhiteTitle "WFM"]
[BlackTitle "WFM"]
[WhiteElo "1968"]
[BlackElo "2107"]
[WhiteFideId "44108320"]
[BlackFideId "1621432"]
[EventDate "2021.08.09"]

1. e4 e5 2. Nf3 d6 3. d4 exd4 4. Nxd4 Nf6 5. Nc3 Be7 6. Bf4 O-O 7. Qd2 d5 8.
Ndb5 Bb4 9. O-O-O c6 10. Nc7 Nxe4 11. Qd4 Bxc3 12. bxc3 Qe7 13. c4 Qa3+ 14. Qb2
Qa5 15. Nxa8 Na6 16. cxd5 Nb4 17. Bc4 Bf5 18. a3 Nxc2 19. Qxc2 Qxa3+ 20. Qb2 Qc5
21. Qb3 Rxa8 22. Be3 Qa5 23. Kb2 b5 24. Bd3 Re8 25. Rhe1 cxd5 26. Bxe4 dxe4 27.
Ra1 Qc7 28. Rxa7 Qe5+ 29. Qc3 Qxh2 30. Rea1 h6 31. Qc7 Qh5 32. Ra8 Rxa8 33.
Rxa8+ Kh7 34. Rd8 Be6 35. Qc5 Qg6 36. g3 Bc4 37. Qf8 Qg4 38. Qg8+ Kg6 39. Rd6+
Be6 40. Qc8 Qf5 41. Qc5 Qf6+ 42. Qd4 Qf3 43. Kc3 Kh7 44. Qe5 Qh1 45. Kb4 Qe1+
46. Kc5 Qa5 47. Qxe4+ Kg8 48. Qb4 Qc7+ 49. Kd4 Bc4 50. Qc5 Qa5 51. Ke4 Qa1 52.
Qc8+ Kh7 53. Qf5+ g6 54. Qf6 Qb1+ 55. Kd4 Qa1+ 56. Kc5 Qa7+ 57. Kc6 Qa8+ 58. Kc7
Bd5 59. Bd4 Qa5+ 60. Kd7 Be6+ 61. Ke8 Qa8+ 62. Rd8 Qc6+ 63. Kf8 1-0

[Event "21st ch-EUR Indiv w 2021"]
[Site "Iasi ROU"]
[Date "2021.08.16"]
[Round "7.47"]
[White "Sankova, Stella"]
[Black "Pancu, Aureliana-Eugenia"]
[Result "0-1"]
[WhiteTitle "WFM"]
[WhiteElo "2100"]
[BlackElo "1862"]
[WhiteFideId "14944200"]
[BlackFideId "1226355"]
[EventDate "2021.08.09"]

1. e4 e6 2. d4 d5 3. Nc3 Nf6 4. e5 Nfd7 5. Nce2 c5 6. c3 Nc6 7. Nf3 Be7 8. a3
cxd4 9. cxd4 f6 10. Nf4 Nf8 11. Nh5 Rg8 12. Bd3 Bd7 13. O-O Qb6 14. b4 f5 15.
Be3 h6 16. b5 Nd8 17. a4 a5 18. h4 Nf7 19. Rc1 Qd8 20. g3 g5 21. hxg5 hxg5 22.
g4 f4 23. Bd2 Nh6 24. Ne1 Qb6 25. Bc3 Rc8 26. Kg2 Ng6 27. Rh1 Nh4+ 28. Kf1 Kf8
29. Qd2 Nxg4 30. Bxa5 Qxd4 31. Rxc8+ Bxc8 32. Bc3 Qxa4 33. Qe2 Nh6 34. Nf3 N6f5
35. Nxh4 Nxh4 36. Nf6 Bxf6 37. exf6 f3 38. Qd2 Bd7 39. b6 Bb5 40. Be5 Bxd3+ 41.
Qxd3 Qc4 42. Qxc4 dxc4 43. Ke1 Kf7 44. Kd2 Rd8+ 45. Ke3 Rd3+ 46. Ke4 Rb3 47. Rd1
Rd3 48. Rc1 Ng6 49. Ba1 Ra3 50. Bd4 e5 51. Be3 Kxf6 52. Kxf3 c3 53. Ke4 Nf4 54.
Bxf4 exf4 55. Kd3 Rb3 56. Rh1 Kf5 57. Rh6 f3 58. Rd6 Rb2 59. Ke3 c2 60. Rd5+ Kg4
61. Rd4+ Kh3 62. Rc4 g4 63. Rc7 Kg2 64. Kd2 Rxb6 65. Rg7 Kxf2 66. Rxg4 Rc6 67.
Kc1 b5 68. Rb4 Rc5 69. Rb3 Kg2 70. Rb4 f2 71. Rg4+ Kf3 0-1

[Event "21st ch-EUR Indiv w 2021"]
[Site "Iasi ROU"]
[Date "2021.08.16"]
[Round "7.48"]
[White "Allahverdiyeva, Ayan"]
[Black "Obada, Ema"]
[Result "0-1"]
[WhiteTitle "WFM"]
[BlackTitle "WCM"]
[WhiteElo "2095"]
[BlackElo "1981"]
[WhiteFideId "13412590"]
[BlackFideId "1234803"]
[EventDate "2021.08.09"]

1. e4 e6 2. d3 d5 3. Nd2 c5 4. g3 Bd6 5. Bg2 Ne7 6. f4 O-O 7. Nh3 f6 8. O-O Nbc6
9. Kh1 Rb8 10. a4 a6 11. Nf3 b5 12. axb5 axb5 13. g4 c4 14. Nh4 dxe4 15. dxe4
Bc5 16. Bd2 Rb7 17. Nf3 Rd7 18. Qe1 Qb6 19. g5 f5 20. g6 Nxg6 21. Nfg5 Nce7 22.
Ba5 Qa6 23. Bc7 Qc6 24. exf5 Qxc7 25. fxg6 Rd6 26. Nxh7 Rf5 27. Qe4 Nxg6 28.
N7g5 Nh4 29. Qe2 Nxg2 30. Qh5 Rd8 31. Rad1 Rfd5 32. Qg6 Qe7 33. Rxd5 exd5 34.
Kxg2 Qe2+ 35. Kg3 Qg4# 0-1

[Event "21st ch-EUR Indiv w 2021"]
[Site "Iasi ROU"]
[Date "2021.08.16"]
[Round "7.49"]
[White "Nastase, Andreea-Cristina"]
[Black "Tamrazyan, Gohar"]
[Result "1-0"]
[WhiteTitle "WFM"]
[WhiteElo "2074"]
[BlackElo "1973"]
[WhiteFideId "1221183"]
[BlackFideId "1330799"]
[EventDate "2021.08.09"]

1. d4 d5 2. c4 e6 3. Nc3 c5 4. cxd5 exd5 5. Bf4 Nf6 6. e3 Nc6 7. Nb5 Qa5+ 8. Qd2
Qxd2+ 9. Kxd2 Kd8 10. Nc7 Rb8 11. Bb5 Ne4+ 12. Ke1 Bd6 13. Nxd5 Bxf4 14. Nxf4
cxd4 15. Rd1 Re8 16. Nge2 Re5 17. Nxd4 Nxd4 18. Rxd4+ Ke7 19. Bd3 f5 20. Nd5+
Kf7 21. Bxe4 Rxe4 22. Rxe4 fxe4 23. Nc3 Bf5 24. Ke2 b5 25. Rc1 Rc8 26. Kd2 a6
27. Ne2 Rxc1 28. Nxc1 b4 29. Kc2 Be6 30. Nb3 Bd5 31. a3 bxa3 32. bxa3 Kf6 33.
Kc3 Ke5 34. Kb4 Kd6 35. Nd4 g6 36. Ne2 Bc6 37. Nc3 Bb7 38. Kc4 Ke5 39. Kc5 h6
40. Nb1 Bc8 41. Nd2 Bd7 42. Nc4+ Kf5 43. Kd4 Ke6 44. Ne5 Be8 45. Kxe4 g5 46. Kd4
Bb5 47. e4 h5 48. g3 g4 49. Nd3 Be8 50. Nc5+ 1-0

[Event "21st ch-EUR Indiv w 2021"]
[Site "Iasi ROU"]
[Date "2021.08.16"]
[Round "7.50"]
[White "Trifoi, Mihaela-Ioana"]
[Black "Schloffer, Jasmin-Denise"]
[Result "0-1"]
[BlackTitle "WFM"]
[WhiteElo "1807"]
[BlackElo "2070"]
[WhiteFideId "1246364"]
[BlackFideId "1631209"]
[EventDate "2021.08.09"]

1. e4 e5 2. Nf3 Nc6 3. Bc4 Bc5 4. d3 Nf6 5. Bb3 d6 6. c3 a5 7. O-O O-O 8. Nbd2
h6 9. h3 Be6 10. Bc2 Ba7 11. Re1 Ne7 12. Nf1 Ng6 13. Ng3 Re8 14. d4 b5 15. Be3
Qb8 16. Qd2 Kh7 17. Nf5 exd4 18. cxd4 Bxf5 19. exf5 Ne7 20. g4 Qb7 21. Nh2 Ned5
22. h4 Nxe3 23. fxe3 c5 24. g5 Ne4 25. Qg2 cxd4 26. gxh6 gxh6 27. Ng4 Kh8 28.
Kh2 d5 29. Bxe4 Rxe4 30. exd4 Rg8 31. Rxe4 dxe4 32. Qe2 Bxd4 33. Qd2 Rxg4 34.
Qxd4+ Kh7 35. Rg1 Qc7+ 36. Kh3 Rxg1 37. Qxg1 Qe5 38. Qf2 e3 39. Qc2 Kg7 40. Qg2+
Kf6 41. Qc6+ Kxf5 42. Qc2+ Kf6 0-1